01726nam a2200385Ia 4500001001200000003000800012006001900020007001500039008004100054010001700095020003100112020002800143020001800171020001500189040002100204035002100225050002400246245015700270246006100427260004400488300003300532490006500565500001100630504006400641533015200705650004500857650005300902650004100955655002900996700002501025710006101050710001701111830008601128856012601214ebr10303331CaPaEBRm u cr cn|||||||||090304s2009 dcuab sb 001 0 eng d z 2009008533 z9780821379318 (alk. paper) z0821379313 (alk. paper) z9780821379356 z0821379356 aCaPaEBRcCaPaEBR a(OCoLC)56817190214aHD2038b.C48 2009eb04aThe changing face of rural spaceh[electronic resource] :bagriculture and rural development in the Western Balkans /cJulian A. Lampietti ... [et al.].3 aAgriculture and rural development in the Western Balkans aWashington, D.C. :bWorld Bank,cc2009. axviii, 158 p. :bill., maps.1 aDirections in development. Agriculture and rural development a"FAO." aIncludes bibliographical references (p. 143-152) and index. aElectronic reproduction.bPalo Alto, Calif. :cebrary,d2011.nAvailable via World Wide Web.nAccess may be limited to ebrary affiliated libraries. 0aAgriculture and statezBalkan Peninsula. 0aAgriculturexEconomic aspectszBalkan Peninsula. 0aRural developmentzBalkan Peninsula. 7aElectronic books.2local1 aLampietti, Julian A.2 aFood and Agriculture Organization of the United Nations.2 aebrary, Inc. 0aDirections in development (Washington, D.C.).pAgriculture and rural development.40uhttp://site.ebrary.com/lib/rucke/Doc?id=10303331zAn electronic book accessible through the World Wide Web; click to view